000 00777nam a22002297a 4500
003 OSt
005 20230126090243.0
008 160111b xxu||||| |||| 00| 0 eng d
020 _a978 9974 8195 6 6
040 _cLado V
082 _a779
_bZ78z
100 _aZinno, Alvaro
_9630
_eautor
_efotógrafo
245 _aZinno/
_bFotografía Mínima/
260 _aUruguay
_bCentro Cultural de España
_c2009
300 _a64p.
_bil. (col.)
_c20x22cm.
500 _aNotas en español, inglés y alemán
600 _aEmde, Thomas, 1959 --
_xExhibiciones
_94352
650 _aCATALOGO
_2Tesauro de Arte & Arquitectura
650 _aFOTOGRAFIA
_2Tesauro de Arte & Arquitectura
650 _aARTE
_2Tesauro de Arte & Arquitectura
942 _2ddc
_c1
_n0
_h779
_iZ78z
999 _c2900
_d2900